Structural-phase composition and tribological characteristics of fullerenes containing carbonic coatings obtained using high-power ion beams; Surface and Coatings Technology; Vol. 203, № 17-18

Dettagli Bibliografici
Parent link:Surface and Coatings Technology.— , 2004-
Vol. 203, № 17-18.— 2009.— P. 2608-2611
Altri autori: Ryabchikov A. I. Aleksandr Ilyich, Petrov A. V., Struts V. K., Mytnikov A. V., Usov Y. P. Yuri Petrovich, Renk T. J.
Riassunto:Thin carbon film fullerene-containing coatings were formed by deposition on silicon substrates of ablation plasma, which was generated as a result of high-power pulsed ion beam (HPPIB) interaction with graphite targets of different densities. Relative amounts of crystalline phases of fullerenes C60, C70, diamond-like carbon (DLC) as well as the carbon amorphous phase with relative DLC in it, were determined. It is shown that, the relative amount of carbon amorphous phase, the ratio between a quantity of fullerenes C60:C70, as well as the amount of DLC in crystalline and amorphous phases critically depend on coating deposition conditions. They are the following: energy densities of the ion beam coming to the graphite target, which, in turn, determines the density and temperature of ablation plasma; and coating deposition rate, which is the film thickness for one pulse of the ion current. Parameters of deposited coatings such as nano-hardness, Young's modulus, adhesion, friction coefficient and roughness were measured.
В фонде НТБ ТПУ отсутствует
Lingua:inglese
Pubblicazione: 2009
Soggetti:
Natura: MixedMaterials Capitolo di libro
KOHA link:https://koha.lib.tpu.ru/cgi-bin/koha/opac-detail.pl?biblionumber=599626

MARC

LEADER 00000naa0a2200000 4500
001 599626
005 20250410103756.0
035 |a (RuTPU)RU\TPU\tpu\23732 
035 |a RU\TPU\tpu\20385 
090 |a 599626 
100 |a 20131010d2009 k||y0rusy50 ba 
101 0 |a eng 
102 |a NL 
200 1 |a Structural-phase composition and tribological characteristics of fullerenes containing carbonic coatings obtained using high-power ion beams  |f A. I. Ryabchikov [et al.] 
320 |a References: p. 2611 (8 tit.) 
330 |a Thin carbon film fullerene-containing coatings were formed by deposition on silicon substrates of ablation plasma, which was generated as a result of high-power pulsed ion beam (HPPIB) interaction with graphite targets of different densities. Relative amounts of crystalline phases of fullerenes C60, C70, diamond-like carbon (DLC) as well as the carbon amorphous phase with relative DLC in it, were determined. It is shown that, the relative amount of carbon amorphous phase, the ratio between a quantity of fullerenes C60:C70, as well as the amount of DLC in crystalline and amorphous phases critically depend on coating deposition conditions. They are the following: energy densities of the ion beam coming to the graphite target, which, in turn, determines the density and temperature of ablation plasma; and coating deposition rate, which is the film thickness for one pulse of the ion current. Parameters of deposited coatings such as nano-hardness, Young's modulus, adhesion, friction coefficient and roughness were measured. 
333 |a В фонде НТБ ТПУ отсутствует 
461 |t Surface and Coatings Technology  |d 2004- 
463 |t Vol. 203, № 17-18  |v P. 2608-2611  |d 2009 
610 1 |a труды учёных ТПУ 
701 1 |a Ryabchikov  |b A. I.  |c Professor of Tomsk Polytechnic University, Doctor of physical and mathematical sciences  |c physicist  |f 1950-  |g Aleksandr Ilyich  |3 (RuTPU)RU\TPU\pers\30912 
701 1 |a Petrov  |b A. V. 
701 1 |a Struts  |b V. K. 
701 1 |a Mytnikov  |b A. V. 
701 1 |a Usov  |b Y. P.  |c Professor of Tomsk Polytechnic University, Electrical engineer, Doctor of Technical Sciences  |f 1937-  |g Yuri Petrovich  |3 (RuTPU)RU\TPU\pers\28977  |4 070 
701 1 |a Renk  |b T. J. 
801 1 |a RU  |b 63413507  |c 20111213 
801 2 |a RU  |b 63413507  |c 20131010  |g RCR 
942 |c CR